| Tag |
First Indicator |
Second Indicator |
Subfields |
| LEADER |
00000cas a2200000 4500 |
| 001 |
in00000045295 |
| 005 |
20151007071201.0 |
| 008 |
800603c19639999abcqr4p 0 a0eng d |
| 010 |
|
|
|a cn 79310903
|
| 022 |
0 |
|
|a 0007-4802
|
| 030 |
|
|
|a BCPGAI
|
| 035 |
|
|
|a (OCoLC)ocm01537746
|
| 035 |
|
|
|a (OCoLC)01537746
|
| 035 |
|
|
|9 AAE5481AM
|
| 037 |
|
|
|b Canadian Society of Petroleum Geologists, 612 Lougheed Bldg., Calgary, Alta. T2P 1M7
|
| 040 |
|
|
|a MUL
|c MUL
|d NLC
|d NSD
|d NLC
|d SER
|d AIP
|d NLC
|d AIP
|d NSD
|d NST
|d SYS
|d OCL
|d GUA
|d OCLCQ
|d UtOrBLW
|
| 042 |
|
|
|a nlc
|a isds/c
|
| 049 |
|
|
|a TXAM
|
| 050 |
|
4 |
|a TN873.C22
|b A43
|
| 055 |
0 |
2 |
|a TN873*
|
| 210 |
0 |
|
|a Bull. Can. pet. geol.
|
| 222 |
|
0 |
|a Bulletin of Canadian petroleum geology
|
| 245 |
0 |
0 |
|a Bulletin of Canadian petroleum geology.
|
| 264 |
|
1 |
|a Calgary :
|b Canadian Society of Petroleum Geologists.
|
| 300 |
|
|
|a volumes :
|b illustrations ;
|c 25 cm.
|
| 336 |
|
|
|a text
|b txt
|2 rdacontent
|
| 337 |
|
|
|a unmediated
|b n
|2 rdamedia
|
| 338 |
|
|
|a volume
|b nc
|2 rdacarrier
|
| 362 |
0 |
|
|a v. 11- Mar. 1963-
|
| 510 |
2 |
|
|a Chemical abstracts
|x 0009-2258
|b 1963-1983
|
| 550 |
|
|
|a Vols for 1963-73 published by the Society under its earlier name: Alberta Society of Petroleum Geologists.
|
| 550 |
|
|
|a Vols for 1963-June 1973, June 1974-Sept. 1974 also published by the Edmonton Geological Society and the Saskatchewan Geological Society.
|
| 710 |
2 |
|
|a Canadian Society of Petroleum Geologists.
|
| 710 |
2 |
|
|a Alberta Society of Petroleum Geologists.
|
| 710 |
2 |
|
|a Edmonton Geological Society.
|
| 710 |
2 |
|
|a Saskatchewan Geological Society.
|
| 780 |
0 |
0 |
|a Alberta Society of Petroleum Geologists.
|t Journal of the Alberta Society of Petroleum Geologists.
|x 0317-4107
|w (OCoLC)2018659
|
| 850 |
|
|
|a ArU
|a CU-RivA
|a GEU
|a MNS
|a MWhB
|a MsU
|a NjR
|a PU
|a TU
|a TxArU
|a ViBlbV
|
| 891 |
3 |
0 |
|9 853
|8 1
|a v.
|b no.
|u 4
|v r
|i (year)
|j (month)
|w q
|x 03
|
| 891 |
4 |
0 |
|9 863
|8 1.1
|a 11
|b 1
|i 1963
|j 03
|
| 936 |
|
|
|a Unknown
|
| 994 |
|
|
|a E0
|b TXA
|
| 948 |
|
|
|a Cataloged
|b h
|c 2004/12/9
|d c
|e mshipova
|f 6:03:39 pm
|
| 999 |
|
|
|a MARS
|
| 999 |
f |
f |
|s ee8394fe-7bf8-3c98-abd3-511f2ef6b4d1
|i fb682f6d-12b7-3c04-8f8a-baca130eac08
|t 0
|
| 952 |
f |
f |
|p ric
|a Texas A&M University
|b Rellis Campus
|c Joint Library Facility
|d Remote Storage
|t 0
|e TN860 .C361
|h Library of Congress classification
|i unmediated -- volume
|k v.42:no.1-2
|l 1994:Mar.-June
|m A14819298780
|
| 952 |
f |
f |
|p ric
|a Texas A&M University
|b Rellis Campus
|c Joint Library Facility
|d Remote Storage
|t 0
|e TN860 .C361
|h Library of Congress classification
|i unmediated -- volume
|k v.14
|l 1966
|m A14813886933
|
| 952 |
f |
f |
|p ric
|a Texas A&M University
|b Rellis Campus
|c Joint Library Facility
|d Remote Storage
|t 0
|e TN860 .C361
|h Library of Congress classification
|i unmediated -- volume
|k v.32
|l 1984
|m A14816930781
|
| 952 |
f |
f |
|p ric
|a Texas A&M University
|b Rellis Campus
|c Joint Library Facility
|d Remote Storage
|t 0
|e TN860 .C361
|h Library of Congress classification
|i unmediated -- volume
|k v.58:no.1-2
|l 2010:Mar.-June
|m A14842460165
|
| 952 |
f |
f |
|p ric
|a Texas A&M University
|b Rellis Campus
|c Joint Library Facility
|d Remote Storage
|t 0
|e TN860 .C361
|h Library of Congress classification
|i unmediated -- volume
|k v.45:no.1-3
|l 1997:Mar.-Sept.
|m A14823650944
|
| 952 |
f |
f |
|p ric
|a Texas A&M University
|b Rellis Campus
|c Joint Library Facility
|d Remote Storage
|t 0
|e TN860 .C361
|h Library of Congress classification
|i unmediated -- volume
|k v.54:no.3-4
|l 2006:Sept.-Dec.
|m A14834751915
|
| 952 |
f |
f |
|p ric
|a Texas A&M University
|b Rellis Campus
|c Joint Library Facility
|d Remote Storage
|t 0
|e TN860 .C361
|h Library of Congress classification
|i unmediated -- volume
|k v.31
|l 1983
|m A14821580305
|
| 952 |
f |
f |
|p ric
|a Texas A&M University
|b Rellis Campus
|c Joint Library Facility
|d Remote Storage
|t 0
|e TN860 .C361
|h Library of Congress classification
|i unmediated -- volume
|k v.13
|l 1965
|m A14821580606
|
| 952 |
f |
f |
|p ric
|a Texas A&M University
|b Rellis Campus
|c Joint Library Facility
|d Remote Storage
|t 0
|e TN860 .C361
|h Library of Congress classification
|i unmediated -- volume
|k v.49:no.1-2
|l 2001:Mar.-June
|m A14830357395
|
| 952 |
f |
f |
|p ric
|a Texas A&M University
|b Rellis Campus
|c Joint Library Facility
|d Remote Storage
|t 0
|e TN860 .C361
|h Library of Congress classification
|i unmediated -- volume
|k v.58:no.3-4
|l 2010:Sept.-Dec.
|m A14842460173
|
| 952 |
f |
f |
|p ric
|a Texas A&M University
|b Rellis Campus
|c Joint Library Facility
|d Remote Storage
|t 0
|e TN860 .C361
|h Library of Congress classification
|i unmediated -- volume
|k v.56:no.1-2
|l 2008:Mar.-June
|m A14841634302
|
| 952 |
f |
f |
|p ric
|a Texas A&M University
|b Rellis Campus
|c Joint Library Facility
|d Remote Storage
|t 0
|e TN860 .C361
|h Library of Congress classification
|i unmediated -- volume
|k v.59:no.3-4
|l 2011:Sept.-Dec.
|m A14843170789
|
| 952 |
f |
f |
|p ric
|a Texas A&M University
|b Rellis Campus
|c Joint Library Facility
|d Remote Storage
|t 0
|e TN860 .C361
|h Library of Congress classification
|i unmediated -- volume
|k v.50:no.1-2
|l 2002:Mar.-June
|m A14830366514
|
| 952 |
f |
f |
|p ric
|a Texas A&M University
|b Rellis Campus
|c Joint Library Facility
|d Remote Storage
|t 0
|e TN860 .C361
|h Library of Congress classification
|i unmediated -- volume
|k v.19
|l 1971
|m A14812174993
|
| 952 |
f |
f |
|p ric
|a Texas A&M University
|b Rellis Campus
|c Joint Library Facility
|d Remote Storage
|t 0
|e TN860 .C361
|h Library of Congress classification
|i unmediated -- volume
|k v.44:no.3-4
|l 1996:Sept.-Dec.
|m A14821428113
|
| 952 |
f |
f |
|p ric
|a Texas A&M University
|b Rellis Campus
|c Joint Library Facility
|d Remote Storage
|t 0
|e TN860 .C361
|h Library of Congress classification
|i unmediated -- volume
|k v.28
|l 1980
|m A14812207835
|
| 952 |
f |
f |
|p ric
|a Texas A&M University
|b Rellis Campus
|c Joint Library Facility
|d Remote Storage
|t 0
|e TN860 .C361
|h Library of Congress classification
|i unmediated -- volume
|k v.30
|l 1982
|m A14821580355
|
| 952 |
f |
f |
|p ric
|a Texas A&M University
|b Rellis Campus
|c Joint Library Facility
|d Remote Storage
|t 0
|e TN860 .C361
|h Library of Congress classification
|i unmediated -- volume
|k v.38A
|l 1990
|m A14809056893
|
| 952 |
f |
f |
|p ric
|a Texas A&M University
|b Rellis Campus
|c Joint Library Facility
|d Remote Storage
|t 0
|e TN860 .C361
|h Library of Congress classification
|i unmediated -- volume
|k v.34
|l 1986
|m A14821580258
|
| 952 |
f |
f |
|p ric
|a Texas A&M University
|b Rellis Campus
|c Joint Library Facility
|d Remote Storage
|t 0
|e TN860 .C361
|h Library of Congress classification
|i unmediated -- volume
|k v.43:no.1-2
|l 1995:Mar.-June
|m A14820708324
|
| 952 |
f |
f |
|p ric
|a Texas A&M University
|b Rellis Campus
|c Joint Library Facility
|d Remote Storage
|t 0
|e TN860 .C361
|h Library of Congress classification
|i unmediated -- volume
|k v.37:no.3-4
|l 1989:Sept.-Dec.
|m A14812866825
|
| 952 |
f |
f |
|p ric
|a Texas A&M University
|b Rellis Campus
|c Joint Library Facility
|d Remote Storage
|t 0
|e TN860 .C361
|h Library of Congress classification
|i unmediated -- volume
|k v.52:no.3-4
|l 2004:Sept.-Dec.
|m A14832840190
|
| 952 |
f |
f |
|p ric
|a Texas A&M University
|b Rellis Campus
|c Joint Library Facility
|d Remote Storage
|t 0
|e TN860 .C361
|h Library of Congress classification
|i unmediated -- volume
|k v.33
|l 1985
|m A14813899164
|
| 952 |
f |
f |
|p ric
|a Texas A&M University
|b Rellis Campus
|c Joint Library Facility
|d Remote Storage
|t 0
|e TN860 .C361
|h Library of Congress classification
|i unmediated -- volume
|k v.37:no.1-2
|l 1989:Mar.-June
|m A14812114545
|
| 952 |
f |
f |
|p ric
|a Texas A&M University
|b Rellis Campus
|c Joint Library Facility
|d Remote Storage
|t 0
|e TN860 .C361
|h Library of Congress classification
|i unmediated -- volume
|k v.25
|l 1977
|m A14813021517
|
| 952 |
f |
f |
|p ric
|a Texas A&M University
|b Rellis Campus
|c Joint Library Facility
|d Remote Storage
|t 0
|e TN860 .C361
|h Library of Congress classification
|i unmediated -- volume
|k v.50:no.3-4
|l 2002:Sept.-Dec.
|m A14830366556
|
| 952 |
f |
f |
|p ric
|a Texas A&M University
|b Rellis Campus
|c Joint Library Facility
|d Remote Storage
|t 0
|e TN860 .C361
|h Library of Congress classification
|i unmediated -- volume
|k v.38:no.3-4
|l 1990:Sept.-Dec.
|m A14809056835
|
| 952 |
f |
f |
|p ric
|a Texas A&M University
|b Rellis Campus
|c Joint Library Facility
|d Remote Storage
|t 0
|e TN860 .C361
|h Library of Congress classification
|i unmediated -- volume
|k v.16
|l 1968
|m A14821580559
|
| 952 |
f |
f |
|p ric
|a Texas A&M University
|b Rellis Campus
|c Joint Library Facility
|d Remote Storage
|t 0
|e TN860 .C361
|h Library of Congress classification
|i unmediated -- volume
|k v.47:no.3-4
|l 1999:Sept.-Dec.
|m A14827275267
|
| 952 |
f |
f |
|p ric
|a Texas A&M University
|b Rellis Campus
|c Joint Library Facility
|d Remote Storage
|t 0
|e TN860 .C361
|h Library of Congress classification
|i unmediated -- volume
|k v.44:no.1-2
|l 1996:Mar.-June
|m A14821429054
|
| 952 |
f |
f |
|p ric
|a Texas A&M University
|b Rellis Campus
|c Joint Library Facility
|d Remote Storage
|t 0
|e TN860 .C361
|h Library of Congress classification
|i unmediated -- volume
|k v.46:no.3-4
|l 1998:Sept.-Dec.
|m A14824961102
|
| 952 |
f |
f |
|p ric
|a Texas A&M University
|b Rellis Campus
|c Joint Library Facility
|d Remote Storage
|t 0
|e TN860 .C361
|h Library of Congress classification
|i unmediated -- volume
|k v.17
|l 1969
|m A14812126835
|
| 952 |
f |
f |
|p ric
|a Texas A&M University
|b Rellis Campus
|c Joint Library Facility
|d Remote Storage
|t 0
|e TN860 .C361
|h Library of Congress classification
|i unmediated -- volume
|k v.46:no.1-2
|l 1998:Mar.-June
|m A14824961209
|
| 952 |
f |
f |
|p ric
|a Texas A&M University
|b Rellis Campus
|c Joint Library Facility
|d Remote Storage
|t 0
|e TN860 .C361
|h Library of Congress classification
|i unmediated -- volume
|k v.53:no.1-2
|l 2005:Mar.-June
|m A14834645156
|
| 952 |
f |
f |
|p ric
|a Texas A&M University
|b Rellis Campus
|c Joint Library Facility
|d Remote Storage
|t 0
|e TN860 .C361
|h Library of Congress classification
|i unmediated -- volume
|k v.20
|l 1972
|m A14830273224
|
| 952 |
f |
f |
|p ric
|a Texas A&M University
|b Rellis Campus
|c Joint Library Facility
|d Remote Storage
|t 0
|e TN860 .C361
|h Library of Congress classification
|i unmediated -- volume
|k v.12
|l 1964
|m A14821580656
|
| 952 |
f |
f |
|p ric
|a Texas A&M University
|b Rellis Campus
|c Joint Library Facility
|d Remote Storage
|t 0
|e TN860 .C361
|h Library of Congress classification
|i unmediated -- volume
|k v.54:no.1-2
|l 2006:Mar.-June
|m A14834751664
|
| 952 |
f |
f |
|p ric
|a Texas A&M University
|b Rellis Campus
|c Joint Library Facility
|d Remote Storage
|t 0
|e TN860 .C361
|h Library of Congress classification
|i unmediated -- volume
|k v.25:no.4-6
|l 1977
|m A14852731356
|
| 952 |
f |
f |
|p ric
|a Texas A&M University
|b Rellis Campus
|c Joint Library Facility
|d Remote Storage
|t 0
|e TN860 .C361
|h Library of Congress classification
|i unmediated -- volume
|k v.47:no.1-2
|l 1999:Mar.-June
|m A14827275225
|
| 952 |
f |
f |
|p ric
|a Texas A&M University
|b Rellis Campus
|c Joint Library Facility
|d Remote Storage
|t 0
|e TN860 .C361
|h Library of Congress classification
|i unmediated -- volume
|k v.57:no.3-4
|l 2009:Sept.-Dec.
|m A14841634182
|
| 952 |
f |
f |
|p ric
|a Texas A&M University
|b Rellis Campus
|c Joint Library Facility
|d Remote Storage
|t 0
|e TN860 .C361
|h Library of Congress classification
|i unmediated -- volume
|k v.51:no.3-4
|l 2003:Sept.-Dec.
|m A14831460159
|
| 952 |
f |
f |
|p ric
|a Texas A&M University
|b Rellis Campus
|c Joint Library Facility
|d Remote Storage
|t 0
|e TN860 .C361
|h Library of Congress classification
|i unmediated -- volume
|k v.53:no.3-4
|l 2005:Sept.-Dec.
|m A14834645198
|
| 952 |
f |
f |
|p ric
|a Texas A&M University
|b Rellis Campus
|c Joint Library Facility
|d Remote Storage
|t 0
|e TN860 .C361
|h Library of Congress classification
|i unmediated -- volume
|k v.23
|l 1975
|m A14818729699
|
| 952 |
f |
f |
|p ric
|a Texas A&M University
|b Rellis Campus
|c Joint Library Facility
|d Remote Storage
|t 0
|e TN860 .C361
|h Library of Congress classification
|i unmediated -- volume
|k v.43:no.3-4
|l 1995:Sept.-Dec.
|m A14820714341
|
| 952 |
f |
f |
|p ric
|a Texas A&M University
|b Rellis Campus
|c Joint Library Facility
|d Remote Storage
|t 0
|e TN860 .C361
|h Library of Congress classification
|i unmediated -- volume
|k v.35
|l 1987
|m A14811543830
|
| 952 |
f |
f |
|p ric
|a Texas A&M University
|b Rellis Campus
|c Joint Library Facility
|d Remote Storage
|t 0
|e TN860 .C361
|h Library of Congress classification
|i unmediated -- volume
|k v.36
|l 1988
|m A14811858536
|
| 952 |
f |
f |
|p ric
|a Texas A&M University
|b Rellis Campus
|c Joint Library Facility
|d Remote Storage
|t 0
|e TN860 .C361
|h Library of Congress classification
|i unmediated -- volume
|k v.15
|l 1967
|m A14812152690
|
| 952 |
f |
f |
|p ric
|a Texas A&M University
|b Rellis Campus
|c Joint Library Facility
|d Remote Storage
|t 0
|e TN860 .C361
|h Library of Congress classification
|i unmediated -- volume
|k v.39
|l 1991
|m A14815530423
|
| 952 |
f |
f |
|p ric
|a Texas A&M University
|b Rellis Campus
|c Joint Library Facility
|d Remote Storage
|t 0
|e TN860 .C361
|h Library of Congress classification
|i unmediated -- volume
|k v.48:no.1-2
|l 2000:Mar.-June
|m A14828787178
|
| 952 |
f |
f |
|p ric
|a Texas A&M University
|b Rellis Campus
|c Joint Library Facility
|d Remote Storage
|t 0
|e TN860 .C361
|h Library of Congress classification
|i unmediated -- volume
|k v.42:no.3-4
|l 1994:Sept.-Dec.
|m A14819298772
|
| 952 |
f |
f |
|p ric
|a Texas A&M University
|b Rellis Campus
|c Joint Library Facility
|d Remote Storage
|t 0
|e TN860 .C361
|h Library of Congress classification
|i unmediated -- volume
|k v.18
|l 1970
|m A14821580509
|
| 952 |
f |
f |
|p ric
|a Texas A&M University
|b Rellis Campus
|c Joint Library Facility
|d Remote Storage
|t 0
|e TN860 .C361
|h Library of Congress classification
|i unmediated -- volume
|k v.49:no.3-4
|l 2001Sept.-Dec.
|m A14830357599
|
| 952 |
f |
f |
|p ric
|a Texas A&M University
|b Rellis Campus
|c Joint Library Facility
|d Remote Storage
|t 0
|e TN860 .C361
|h Library of Congress classification
|i unmediated -- volume
|k v.45:no.4
|l 1997:Dec.
|m A14823650994
|
| 952 |
f |
f |
|p ric
|a Texas A&M University
|b Rellis Campus
|c Joint Library Facility
|d Remote Storage
|t 0
|e TN860 .C361
|h Library of Congress classification
|i unmediated -- volume
|k v.27
|l 1979
|m A14821580402
|
| 952 |
f |
f |
|p ric
|a Texas A&M University
|b Rellis Campus
|c Joint Library Facility
|d Remote Storage
|t 0
|e TN860 .C361
|h Library of Congress classification
|i unmediated -- volume
|k v.21
|l 1973
|m A14813049395
|
| 952 |
f |
f |
|p ric
|a Texas A&M University
|b Rellis Campus
|c Joint Library Facility
|d Remote Storage
|t 0
|e TN860 .C361
|h Library of Congress classification
|i unmediated -- volume
|k v.22
|l 1974
|m A14812208988
|
| 952 |
f |
f |
|p ric
|a Texas A&M University
|b Rellis Campus
|c Joint Library Facility
|d Remote Storage
|t 0
|e TN860 .C361
|h Library of Congress classification
|i unmediated -- volume
|k v.41:no.1-2
|l 1993:Mar.-June
|m A14818425685
|
| 952 |
f |
f |
|p ric
|a Texas A&M University
|b Rellis Campus
|c Joint Library Facility
|d Remote Storage
|t 0
|e TN860 .C361
|h Library of Congress classification
|i unmediated -- volume
|k v.11
|l 1963
|m A14821580703
|
| 952 |
f |
f |
|p ric
|a Texas A&M University
|b Rellis Campus
|c Joint Library Facility
|d Remote Storage
|t 0
|e TN860 .C361
|h Library of Congress classification
|i unmediated -- volume
|k v.24
|l 1976
|m A14813903531
|
| 952 |
f |
f |
|p ric
|a Texas A&M University
|b Rellis Campus
|c Joint Library Facility
|d Remote Storage
|t 0
|e TN860 .C361
|h Library of Congress classification
|i unmediated -- volume
|k v.26
|l 1978
|m A14813912035
|
| 952 |
f |
f |
|p ric
|a Texas A&M University
|b Rellis Campus
|c Joint Library Facility
|d Remote Storage
|t 0
|e TN860 .C361
|h Library of Congress classification
|i unmediated -- volume
|k v.41:no.3-4
|l 1993:Sept.-Dec.
|m A14818407679
|
| 952 |
f |
f |
|p ric
|a Texas A&M University
|b Rellis Campus
|c Joint Library Facility
|d Remote Storage
|t 0
|e TN860 .C361
|h Library of Congress classification
|i unmediated -- volume
|k v.38:no.1-2
|l 1990:Mar.-June
|m A14815080826
|
| 952 |
f |
f |
|p ric
|a Texas A&M University
|b Rellis Campus
|c Joint Library Facility
|d Remote Storage
|t 0
|e TN860 .C361
|h Library of Congress classification
|i unmediated -- volume
|k v,52:no.1-2
|l 2004:Mar.-June
|m A14832840158
|
| 952 |
f |
f |
|p ric
|a Texas A&M University
|b Rellis Campus
|c Joint Library Facility
|d Remote Storage
|t 0
|e TN860 .C361
|h Library of Congress classification
|i unmediated -- volume
|k v.57:no.1-2
|l 2009:Mar.-June
|m A14841634221
|
| 952 |
f |
f |
|p ric
|a Texas A&M University
|b Rellis Campus
|c Joint Library Facility
|d Remote Storage
|t 0
|e TN860 .C361
|h Library of Congress classification
|i unmediated -- volume
|k v.51:no.1-2
|l 2003:Mar.-June
|m A14831460117
|
| 952 |
f |
f |
|p ric
|a Texas A&M University
|b Rellis Campus
|c Joint Library Facility
|d Remote Storage
|t 0
|e TN860 .C361
|h Library of Congress classification
|i unmediated -- volume
|k v.29
|l 1981
|m A14812162336
|
| 952 |
f |
f |
|p ric
|a Texas A&M University
|b Rellis Campus
|c Joint Library Facility
|d Remote Storage
|t 0
|e TN860 .C361
|h Library of Congress classification
|i unmediated -- volume
|k v.40
|l 1992
|m A14817013168
|
| 952 |
f |
f |
|p ric
|a Texas A&M University
|b Rellis Campus
|c Joint Library Facility
|d Remote Storage
|t 0
|e TN860 .C361
|h Library of Congress classification
|i unmediated -- volume
|k v.59:no.1-2
|l 2011:Mar.-June
|m A14842460181
|
| 952 |
f |
f |
|p ric
|a Texas A&M University
|b Rellis Campus
|c Joint Library Facility
|d Remote Storage
|t 0
|e TN860 .C361
|h Library of Congress classification
|i unmediated -- volume
|k v.56:no.3-4
|l 2008:Sept.-Dec.
|m A14841634263
|
| 952 |
f |
f |
|p ric
|a Texas A&M University
|b Rellis Campus
|c Joint Library Facility
|d Remote Storage
|t 0
|e TN860 .C361
|h Library of Congress classification
|i unmediated -- volume
|k v.48:no.3-4
|l 2000:Sept.-Dec.
|m A14828787217
|
| 998 |
f |
f |
|a TN860 .C361
|s v.56-59 (2008-2011)
|t 0
|l Remote Storage
|